10 Greatest Irish Musicians (Billboard. Com) Quiz Stats

 Plays Quiz not verified by Sporcle

Score 0/10 Timer 04:00
0 Plays Today
Song Artist % Correct
With or Without YouU2
94.6%
Nothing Compares 2 USinead O'Connor
84.5%
Brown Eyed GirlVan Morrison
79.1%
The Boys are Back in TownThin Lizzy
72.1%
LingerThe Cranberries
71.3%
Chasing CarsSnow Patrol
50.4%
Alone Again(Naturally)Gilbert O'Sullivan
39.5%
Only TimeEnya
31.8%
BreakevenThe Script
24.8%
The UnicornThe Irish Rovers
16.3%

You're not logged in!

Compare scores with friends on all Sporcle quizzes.
OR
Log In

Show Comments

Extras

Top Quizzes Today


Score Distribution

Your Account Isn't Verified!

In order to create a playlist on Sporcle, you need to verify the email address you used during registration. Go to your Sporcle Settings to finish the process.

Report this User

Report this user for behavior that violates our Community Guidelines.

Details: